| 000 | 01255nam a2200373 a 4500 | ||
|---|---|---|---|
| 001 | 21981 | ||
| 003 | VRT | ||
| 005 | 20260317084820.0 | ||
| 008 | 020527s2001 xo a g 000 0 slo c | ||
| 020 | _a8055102511 (viaz.) | ||
| 035 | _aUKB000310084 | ||
| 039 | 9 |
_a201305131035 _bgluc |
|
| 040 |
_aBAA001 _bslo _cBAA001 _eAACR2 |
||
| 041 | 1 |
_aslo _heng |
|
| 044 |
_axo _cSK |
||
| 080 | _a001.98(09):796 | ||
| 080 | _a159.961.4(08):796 | ||
| 080 | _a291.33(08):796 | ||
| 100 | 1 |
_aRowling, J. K. _q(Joanne Kathleen), _d1965- _4ill |
|
| 245 | 1 | 0 |
_aMetlobal priebehu vekov _cKennilworthy Whisp ; [ilustrácie J.K. Rowlingová ; z anglického originálu preložil Martin Kasarda] |
| 260 |
_aBratislava _bIkar _c2001 |
||
| 300 | _a71 s. | ||
| 500 | _aKennilworthy Whisp je fiktívny autor, skutočnou autorkou je J.K. Rowlingová | ||
| 650 | 0 | 7 |
_ametlobal _xšport čarodejnikov _xdejiny |
| 653 | _a001.98(09):796 | ||
| 653 | _a159.961.4(08):796 | ||
| 653 | _a291.33(08):796 | ||
| 700 | 1 |
_aKasarda, Martin _4trl |
|
| 765 | 0 |
_tQuidditch through the ages _aRowling, Joanne Kathleen, 1965- |
|
| 910 | _aukb | ||
| 942 |
_2ddc _cKLDE _n0 |
||
| 949 |
_61800179863 _aSL.D.43222 _bPV.2893-2002 |
||
| 949 |
_61800179864 _aSK.D.12922 _bPV.2894-2002 _s6707:20060719 |
||
| 999 |
_c21981 _d21981 |
||